00471 2200181 4500001002100000005001500021008004100036020001800077035001900095041000700114082001000121090001600131100001600147245004100163260003700204300003600241650001200277INLIS00000000000041220241224112152241224||||||||| | ||| |||| || |  a979-514-976-8 0010-1224000412 aen0 a959.8 a959.8 SIE i0 aIsmail Suny00aMore Favorite Stories From Indonesia aBandungbRemaja Rosdakaryac2000 a20,5x15 cm, vi, 74 hlm.; ilus.: 0aSejarah